<?xml version="1.0" encoding="UTF-8"?>
<record
    xmlns:xsi="http://www.w3.org/2001/XMLSchema-instance"
    xsi:schemaLocation="http://www.loc.gov/MARC21/slim http://www.loc.gov/standards/marcxml/schema/MARC21slim.xsd"
    xmlns="http://www.loc.gov/MARC21/slim">

  <leader>04579nam a2201393 a 4500</leader>
  <controlfield tag="005">20240802110753.0</controlfield>
  <controlfield tag="008">100930t2016||||ag a   f |||| 001 0 spa d</controlfield>
  <datafield tag="020" ind1=" " ind2=" ">
    <subfield code="a">9789871639472</subfield>
  </datafield>
  <datafield tag="041" ind1=" " ind2=" ">
    <subfield code="a">spa</subfield>
  </datafield>
  <datafield tag="092" ind1=" " ind2=" ">
    <subfield code="c">616.0757</subfield>
    <subfield code="l">28</subfield>
    <subfield code="s">GAR</subfield>
  </datafield>
  <datafield tag="100" ind1="1" ind2=" ">
    <subfield code="a">Garc&#xED;a M&#xF3;naco, Ricardo</subfield>
    <subfield code="9">1477</subfield>
  </datafield>
  <datafield tag="245" ind1="8" ind2=" ">
    <subfield code="a">Los 101 diagn&#xF3;sticos por im&#xE1;genes que un m&#xE9;dico no puede dejar de conocer /</subfield>
    <subfield code="c">Ricardo Garc&#xED;a M&#xF3;naco</subfield>
  </datafield>
  <datafield tag="250" ind1=" " ind2=" ">
    <subfield code="a">2a ed.</subfield>
  </datafield>
  <datafield tag="260" ind1=" " ind2=" ">
    <subfield code="a">Buenos Aires: </subfield>
    <subfield code="b">delhospital ediciones;</subfield>
    <subfield code="c">2016.</subfield>
  </datafield>
  <datafield tag="300" ind1=" " ind2=" ">
    <subfield code="a">216 p.</subfield>
    <subfield code="b">il.</subfield>
    <subfield code="c">24x17 cm.</subfield>
  </datafield>
  <datafield tag="500" ind1=" " ind2=" ">
    <subfield code="a">Garc&#xED;a M&#xF3;naco, R. y Seehaus, A. C. (2016). Los 101 diagn&#xF3;sticos por im&#xE1;genes que un m&#xE9;dico no puede dejar de conocer. (2a ed.). Buenos Aires : delhospital ediciones.</subfield>
  </datafield>
  <datafield tag="653" ind1=" " ind2=" ">
    <subfield code="a">Atelectasia</subfield>
  </datafield>
  <datafield tag="653" ind1=" " ind2=" ">
    <subfield code="a">Bronquiectasias</subfield>
  </datafield>
  <datafield tag="653" ind1=" " ind2=" ">
    <subfield code="a">Neumon&#xED;a</subfield>
  </datafield>
  <datafield tag="653" ind1=" " ind2=" ">
    <subfield code="a">Enfisema</subfield>
  </datafield>
  <datafield tag="653" ind1=" " ind2=" ">
    <subfield code="a">Reacci&#xF3;n pulmonar por drogas</subfield>
  </datafield>
  <datafield tag="653" ind1=" " ind2=" ">
    <subfield code="a">Sarcoidosis</subfield>
  </datafield>
  <datafield tag="653" ind1=" " ind2=" ">
    <subfield code="a">Fibrosis pulmonar</subfield>
  </datafield>
  <datafield tag="653" ind1=" " ind2=" ">
    <subfield code="a">N&#xF3;dulo pulmonar solitario</subfield>
  </datafield>
  <datafield tag="653" ind1=" " ind2=" ">
    <subfield code="a">C&#xE1;ncer de pulm&#xF3;n</subfield>
  </datafield>
  <datafield tag="653" ind1=" " ind2=" ">
    <subfield code="a">Metastasis pulmonares</subfield>
  </datafield>
  <datafield tag="653" ind1=" " ind2=" ">
    <subfield code="a">Derrame pleural</subfield>
  </datafield>
  <datafield tag="653" ind1=" " ind2=" ">
    <subfield code="a">Neumot&#xF3;rax</subfield>
  </datafield>
  <datafield tag="653" ind1=" " ind2=" ">
    <subfield code="a">Edema pulmonar cardiog&#xE9;nico</subfield>
  </datafield>
  <datafield tag="653" ind1=" " ind2=" ">
    <subfield code="a">Tromboembolismo pulmonar agudo</subfield>
  </datafield>
  <datafield tag="653" ind1=" " ind2=" ">
    <subfield code="a">Disecci&#xF3;n a&#xF3;rtica</subfield>
  </datafield>
  <datafield tag="653" ind1=" " ind2=" ">
    <subfield code="a">Infarto de miocardio</subfield>
  </datafield>
  <datafield tag="653" ind1=" " ind2=" ">
    <subfield code="a">Masas mediastinales</subfield>
  </datafield>
  <datafield tag="653" ind1=" " ind2=" ">
    <subfield code="a">Hernia diafragm&#xE1;tica</subfield>
  </datafield>
  <datafield tag="653" ind1=" " ind2=" ">
    <subfield code="a">Apendicitis</subfield>
  </datafield>
  <datafield tag="653" ind1=" " ind2=" ">
    <subfield code="a">Enfermedad diverticular del colon</subfield>
  </datafield>
  <datafield tag="653" ind1=" " ind2=" ">
    <subfield code="a">Colitis ulcerosa</subfield>
  </datafield>
  <datafield tag="653" ind1=" " ind2=" ">
    <subfield code="a">Enfermedad de Crohn</subfield>
  </datafield>
  <datafield tag="653" ind1=" " ind2=" ">
    <subfield code="a">C&#xE1;ncer de es&#xF3;fago</subfield>
  </datafield>
  <datafield tag="653" ind1=" " ind2=" ">
    <subfield code="a">C&#xE1;ncer g&#xE1;strico</subfield>
  </datafield>
  <datafield tag="653" ind1=" " ind2=" ">
    <subfield code="a">C&#xE1;ncer colorrectal</subfield>
  </datafield>
  <datafield tag="653" ind1=" " ind2=" ">
    <subfield code="a">Isquemia mesent&#xE9;rica</subfield>
  </datafield>
  <datafield tag="653" ind1=" " ind2=" ">
    <subfield code="a">Hemorragia digestiva baja</subfield>
  </datafield>
  <datafield tag="653" ind1=" " ind2=" ">
    <subfield code="a">Hiperplasia nodular focal</subfield>
  </datafield>
  <datafield tag="653" ind1=" " ind2=" ">
    <subfield code="a">Hemangioma hep&#xE1;tico</subfield>
  </datafield>
  <datafield tag="653" ind1=" " ind2=" ">
    <subfield code="a">Hepatocarcinoma</subfield>
  </datafield>
  <datafield tag="653" ind1=" " ind2=" ">
    <subfield code="a">Met&#xE1;stasis hep&#xE1;ticas</subfield>
  </datafield>
  <datafield tag="653" ind1=" " ind2=" ">
    <subfield code="a">Colecistisis aguda</subfield>
  </datafield>
  <datafield tag="653" ind1=" " ind2=" ">
    <subfield code="a">Colangiocarcinoma</subfield>
  </datafield>
  <datafield tag="653" ind1=" " ind2=" ">
    <subfield code="a">Pancreatitis aguda</subfield>
  </datafield>
  <datafield tag="653" ind1=" " ind2=" ">
    <subfield code="a">Adenocarcinoma de p&#xE1;ncreas</subfield>
  </datafield>
  <datafield tag="653" ind1=" " ind2=" ">
    <subfield code="a">Insulinoma</subfield>
  </datafield>
  <datafield tag="653" ind1=" " ind2=" ">
    <subfield code="a">N&#xF3;dulos suprarrenales incidentales</subfield>
  </datafield>
  <datafield tag="653" ind1=" " ind2=" ">
    <subfield code="a">Tumor carcinoide</subfield>
  </datafield>
  <datafield tag="653" ind1=" " ind2=" ">
    <subfield code="a">Adenoma de hip&#xF3;fisis</subfield>
  </datafield>
  <datafield tag="653" ind1=" " ind2=" ">
    <subfield code="a">Oftalmopat&#xED;a tiroidea</subfield>
  </datafield>
  <datafield tag="653" ind1=" " ind2=" ">
    <subfield code="a">Tumores de tiroides</subfield>
  </datafield>
  <datafield tag="653" ind1=" " ind2=" ">
    <subfield code="a">Hemorragia subaracnoidea y aneurismas</subfield>
  </datafield>
  <datafield tag="653" ind1=" " ind2=" ">
    <subfield code="a">Hidrocefalia</subfield>
  </datafield>
  <datafield tag="653" ind1=" " ind2=" ">
    <subfield code="a">Hemorragia cerebral no traum&#xE1;tica</subfield>
  </datafield>
  <datafield tag="653" ind1=" " ind2=" ">
    <subfield code="a">Accidente cerebrovascular</subfield>
  </datafield>
  <datafield tag="653" ind1=" " ind2=" ">
    <subfield code="a">Traumatismo encefalocraneano</subfield>
  </datafield>
  <datafield tag="653" ind1=" " ind2=" ">
    <subfield code="a">Encefalitis herp&#xE9;tica</subfield>
  </datafield>
  <datafield tag="653" ind1=" " ind2=" ">
    <subfield code="a">Esclerosis multiple</subfield>
  </datafield>
  <datafield tag="653" ind1=" " ind2=" ">
    <subfield code="a">Epilepsia</subfield>
  </datafield>
  <datafield tag="653" ind1=" " ind2=" ">
    <subfield code="a">Neurinoma de viii par</subfield>
  </datafield>
  <datafield tag="653" ind1=" " ind2=" ">
    <subfield code="a">Meningioma</subfield>
  </datafield>
  <datafield tag="653" ind1=" " ind2=" ">
    <subfield code="a">Gliomas</subfield>
  </datafield>
  <datafield tag="653" ind1=" " ind2=" ">
    <subfield code="a">Metastasis encef&#xE1;licas</subfield>
  </datafield>
  <datafield tag="653" ind1=" " ind2=" ">
    <subfield code="a">Rinosinusopat&#xED;a</subfield>
  </datafield>
  <datafield tag="653" ind1=" " ind2=" ">
    <subfield code="a">Colesteotoma adquirido</subfield>
  </datafield>
  <datafield tag="653" ind1=" " ind2=" ">
    <subfield code="a">Enfermedades de las gl&#xE1;ndulas salivales</subfield>
  </datafield>
  <datafield tag="653" ind1=" " ind2=" ">
    <subfield code="a">Carcinoma escamoso de cavum</subfield>
  </datafield>
  <datafield tag="653" ind1=" " ind2=" ">
    <subfield code="a">C&#xE1;ncer de laringe</subfield>
  </datafield>
  <datafield tag="653" ind1=" " ind2=" ">
    <subfield code="a">Mieloma</subfield>
  </datafield>
  <datafield tag="653" ind1=" " ind2=" ">
    <subfield code="a">Artritis reumatoide</subfield>
  </datafield>
  <datafield tag="653" ind1=" " ind2=" ">
    <subfield code="a">Osteomielitis</subfield>
  </datafield>
  <datafield tag="653" ind1=" " ind2=" ">
    <subfield code="a">Met&#xE1;stasis &#xF3;seas</subfield>
  </datafield>
  <datafield tag="653" ind1=" " ind2=" ">
    <subfield code="a">Osteoartrosis del raquis</subfield>
  </datafield>
  <datafield tag="653" ind1=" " ind2=" ">
    <subfield code="a">Osteoartrosis de cadera</subfield>
  </datafield>
  <datafield tag="653" ind1=" " ind2=" ">
    <subfield code="a">Osteoartrosis de rodilla</subfield>
  </datafield>
  <datafield tag="653" ind1=" " ind2=" ">
    <subfield code="a">Fractura de radio</subfield>
  </datafield>
  <datafield tag="653" ind1=" " ind2=" ">
    <subfield code="a">Fractura de cadera</subfield>
  </datafield>
  <datafield tag="653" ind1=" " ind2=" ">
    <subfield code="a">Fractura vertebral</subfield>
  </datafield>
  <datafield tag="653" ind1=" " ind2=" ">
    <subfield code="a">Hernia de disco</subfield>
  </datafield>
  <datafield tag="653" ind1=" " ind2=" ">
    <subfield code="a">Lesiones ligamentarias de la rodilla</subfield>
  </datafield>
  <datafield tag="653" ind1=" " ind2=" ">
    <subfield code="a">Incompetencia cervical</subfield>
  </datafield>
  <datafield tag="653" ind1=" " ind2=" ">
    <subfield code="a">Embarazo ect&#xF3;pico</subfield>
  </datafield>
  <datafield tag="653" ind1=" " ind2=" ">
    <subfield code="a">Acretismo placentario</subfield>
  </datafield>
  <datafield tag="653" ind1=" " ind2=" ">
    <subfield code="a">Enfermedad trofobl&#xE1;stica gestacional</subfield>
  </datafield>
  <datafield tag="653" ind1=" " ind2=" ">
    <subfield code="a">Malformaciones uterinas</subfield>
  </datafield>
  <datafield tag="653" ind1=" " ind2=" ">
    <subfield code="a">Miomas uterinos</subfield>
  </datafield>
  <datafield tag="653" ind1=" " ind2=" ">
    <subfield code="a">Endometriosis</subfield>
  </datafield>
  <datafield tag="653" ind1=" " ind2=" ">
    <subfield code="a">C&#xE1;ncer de mama</subfield>
  </datafield>
  <datafield tag="653" ind1=" " ind2=" ">
    <subfield code="a">C&#xE1;ncer de cuello uterino</subfield>
  </datafield>
  <datafield tag="653" ind1=" " ind2=" ">
    <subfield code="a">Varicocele masculino y s&#xED;ndrome de congesti&#xF3;n pelviana en la mujer</subfield>
  </datafield>
  <datafield tag="653" ind1=" " ind2=" ">
    <subfield code="a">Vejiga de paredes gruesas</subfield>
  </datafield>
  <datafield tag="653" ind1=" " ind2=" ">
    <subfield code="a">Enfermedad renal poliqu&#xED;stica</subfield>
  </datafield>
  <datafield tag="653" ind1=" " ind2=" ">
    <subfield code="a">Quistes renales</subfield>
  </datafield>
  <datafield tag="653" ind1=" " ind2=" ">
    <subfield code="a">Infecciones renales</subfield>
  </datafield>
  <datafield tag="653" ind1=" " ind2=" ">
    <subfield code="a">Urolitiasis</subfield>
  </datafield>
  <datafield tag="653" ind1=" " ind2=" ">
    <subfield code="a">Masas renales s&#xF3;lidas</subfield>
  </datafield>
  <datafield tag="653" ind1=" " ind2=" ">
    <subfield code="a">Traumatismo renal</subfield>
  </datafield>
  <datafield tag="653" ind1=" " ind2=" ">
    <subfield code="a">Infarto renal</subfield>
  </datafield>
  <datafield tag="653" ind1=" " ind2=" ">
    <subfield code="a">Escroto agudo</subfield>
  </datafield>
  <datafield tag="653" ind1=" " ind2=" ">
    <subfield code="a">Tumores testiculares</subfield>
  </datafield>
  <datafield tag="653" ind1=" " ind2=" ">
    <subfield code="a">Carcinoma de pr&#xF3;stata</subfield>
  </datafield>
  <datafield tag="653" ind1=" " ind2=" ">
    <subfield code="a">Fibrosis retroperitoneal</subfield>
  </datafield>
  <datafield tag="653" ind1=" " ind2=" ">
    <subfield code="a">Tumores primarios del retroperitoneo</subfield>
  </datafield>
  <datafield tag="653" ind1=" " ind2=" ">
    <subfield code="a">Estenosis de arterias renales</subfield>
  </datafield>
  <datafield tag="653" ind1=" " ind2=" ">
    <subfield code="a">Malformaciones vasculares</subfield>
  </datafield>
  <datafield tag="653" ind1=" " ind2=" ">
    <subfield code="a">Reflujo vesicouretral</subfield>
  </datafield>
  <datafield tag="653" ind1=" " ind2=" ">
    <subfield code="a">Secuestro pulmonar</subfield>
  </datafield>
  <datafield tag="653" ind1=" " ind2=" ">
    <subfield code="a">Aspiraci&#xF3;n e ingesti&#xF3;n de cuerpos extra&#xF1;os</subfield>
  </datafield>
  <datafield tag="653" ind1=" " ind2=" ">
    <subfield code="a">Invaginaci&#xF3;n intestinal</subfield>
  </datafield>
  <datafield tag="653" ind1=" " ind2=" ">
    <subfield code="a">Estenosis hipertr&#xF3;fica del p&#xED;loro</subfield>
  </datafield>
  <datafield tag="700" ind1="1" ind2=" ">
    <subfield code="a">Seehaus, Alberto C.</subfield>
    <subfield code="9">3429</subfield>
  </datafield>
  <datafield tag="942" ind1=" " ind2=" ">
    <subfield code="2">ddc</subfield>
    <subfield code="c">BK</subfield>
  </datafield>
  <datafield tag="999" ind1=" " ind2=" ">
    <subfield code="c">2599</subfield>
    <subfield code="d">2599</subfield>
  </datafield>
  <datafield tag="952" ind1=" " ind2=" ">
    <subfield code="0">0</subfield>
    <subfield code="1">0</subfield>
    <subfield code="2">ddc</subfield>
    <subfield code="4">0</subfield>
    <subfield code="7">0</subfield>
    <subfield code="8">REF</subfield>
    <subfield code="a">BFM</subfield>
    <subfield code="b">BFM</subfield>
    <subfield code="c">REF</subfield>
    <subfield code="d">2017-12-14</subfield>
    <subfield code="e">Donaci&#xF3;n DelHospital Ediciones Hospital Italiano, Diciembre 2017</subfield>
    <subfield code="l">9</subfield>
    <subfield code="m">1</subfield>
    <subfield code="o">616.0757 28 GAR</subfield>
    <subfield code="p">4080</subfield>
    <subfield code="r">2025-03-25</subfield>
    <subfield code="s">2025-03-21</subfield>
    <subfield code="t">Ej. 1</subfield>
    <subfield code="w">2017-12-14</subfield>
    <subfield code="y">REF</subfield>
    <subfield code="z">Donaci&#xF3;n DelHospital Ediciones Hospital Italiano, Diciembre 2017</subfield>
  </datafield>
  <datafield tag="952" ind1=" " ind2=" ">
    <subfield code="0">0</subfield>
    <subfield code="1">0</subfield>
    <subfield code="2">ddc</subfield>
    <subfield code="4">0</subfield>
    <subfield code="7">0</subfield>
    <subfield code="a">BFM</subfield>
    <subfield code="b">BFM</subfield>
    <subfield code="c">CR</subfield>
    <subfield code="d">2017-12-14</subfield>
    <subfield code="e">Donaci&#xF3;n DelHospital Ediciones Hospital Italiano, Diciembre 2017</subfield>
    <subfield code="l">53</subfield>
    <subfield code="m">8</subfield>
    <subfield code="o">616.0757 28 GAR</subfield>
    <subfield code="p">4081</subfield>
    <subfield code="q">2026-06-09</subfield>
    <subfield code="r">2026-06-02</subfield>
    <subfield code="s">2026-06-02</subfield>
    <subfield code="t">Ej. 2</subfield>
    <subfield code="w">2017-12-14</subfield>
    <subfield code="y">BK</subfield>
    <subfield code="z">Sede Tordos. Donaci&#xF3;n DelHospital Ediciones Hospital Italiano, Diciembre 2017</subfield>
    <subfield code="f"></subfield>
  </datafield>
  <datafield tag="952" ind1=" " ind2=" ">
    <subfield code="0">0</subfield>
    <subfield code="1">0</subfield>
    <subfield code="2">ddc</subfield>
    <subfield code="4">0</subfield>
    <subfield code="7">0</subfield>
    <subfield code="a">BFM</subfield>
    <subfield code="b">BFM</subfield>
    <subfield code="c">CR</subfield>
    <subfield code="d">2017-12-14</subfield>
    <subfield code="e">Donaci&#xF3;n DelHospital Ediciones Hospital Italiano, Diciembre 2017</subfield>
    <subfield code="l">29</subfield>
    <subfield code="m">5</subfield>
    <subfield code="o">616.0757 28 GAR</subfield>
    <subfield code="p">4082</subfield>
    <subfield code="r">2026-03-17</subfield>
    <subfield code="s">2025-12-03</subfield>
    <subfield code="t">Ej. 3</subfield>
    <subfield code="w">2017-12-14</subfield>
    <subfield code="y">BK</subfield>
    <subfield code="z">Sede Tordos. Donaci&#xF3;n DelHospital Ediciones Hospital Italiano, Diciembre 2017</subfield>
    <subfield code="f"></subfield>
  </datafield>
  <datafield tag="952" ind1=" " ind2=" ">
    <subfield code="0">0</subfield>
    <subfield code="1">0</subfield>
    <subfield code="2">ddc</subfield>
    <subfield code="4">0</subfield>
    <subfield code="7">0</subfield>
    <subfield code="8">NFIC</subfield>
    <subfield code="a">BFM</subfield>
    <subfield code="b">BFM</subfield>
    <subfield code="c">CR</subfield>
    <subfield code="d">2019-08-01</subfield>
    <subfield code="e">UNComahue</subfield>
    <subfield code="g">575.00</subfield>
    <subfield code="l">24</subfield>
    <subfield code="m">10</subfield>
    <subfield code="o">616.0757 28 GAR</subfield>
    <subfield code="p">4488</subfield>
    <subfield code="r">2026-05-14</subfield>
    <subfield code="s">2026-05-07</subfield>
    <subfield code="t">Ej. 4</subfield>
    <subfield code="w">2019-08-01</subfield>
    <subfield code="y">BK</subfield>
    <subfield code="z">Compra UNComahue julio/19. Sede Tordos.</subfield>
    <subfield code="f"></subfield>
  </datafield>
  <datafield tag="952" ind1=" " ind2=" ">
    <subfield code="0">0</subfield>
    <subfield code="1">0</subfield>
    <subfield code="2">ddc</subfield>
    <subfield code="4">0</subfield>
    <subfield code="7">0</subfield>
    <subfield code="8">NFIC</subfield>
    <subfield code="a">BFM</subfield>
    <subfield code="b">BFM</subfield>
    <subfield code="c">CR</subfield>
    <subfield code="d">2019-08-01</subfield>
    <subfield code="e">UNComahue</subfield>
    <subfield code="g">575.00</subfield>
    <subfield code="l">31</subfield>
    <subfield code="m">11</subfield>
    <subfield code="o">616.0757 28 GAR</subfield>
    <subfield code="p">4489</subfield>
    <subfield code="r">2026-04-28</subfield>
    <subfield code="s">2026-04-21</subfield>
    <subfield code="t">Ej. 5</subfield>
    <subfield code="w">2019-08-01</subfield>
    <subfield code="y">BK</subfield>
    <subfield code="z">Compra UNComahue julio/19</subfield>
  </datafield>
  <datafield tag="952" ind1=" " ind2=" ">
    <subfield code="0">0</subfield>
    <subfield code="1">0</subfield>
    <subfield code="2">ddc</subfield>
    <subfield code="4">0</subfield>
    <subfield code="7">0</subfield>
    <subfield code="8">NFIC</subfield>
    <subfield code="a">BFM</subfield>
    <subfield code="b">BFM</subfield>
    <subfield code="c">CR</subfield>
    <subfield code="d">2019-08-01</subfield>
    <subfield code="e">UNComahue</subfield>
    <subfield code="g">575.00</subfield>
    <subfield code="l">26</subfield>
    <subfield code="m">7</subfield>
    <subfield code="o">616.0757 28 GAR</subfield>
    <subfield code="p">4490</subfield>
    <subfield code="r">2026-02-27</subfield>
    <subfield code="s">2025-12-02</subfield>
    <subfield code="t">Ej. 6</subfield>
    <subfield code="w">2019-08-01</subfield>
    <subfield code="y">BK</subfield>
    <subfield code="z">Compra UNComahue julio/19. Sede Tordos.</subfield>
    <subfield code="f"></subfield>
  </datafield>
  <datafield tag="952" ind1=" " ind2=" ">
    <subfield code="0">0</subfield>
    <subfield code="1">0</subfield>
    <subfield code="2">ddc</subfield>
    <subfield code="4">0</subfield>
    <subfield code="7">0</subfield>
    <subfield code="8">NFIC</subfield>
    <subfield code="a">BFM</subfield>
    <subfield code="b">BFM</subfield>
    <subfield code="c">CR</subfield>
    <subfield code="d">2019-08-01</subfield>
    <subfield code="e">UNComahue</subfield>
    <subfield code="g">575.00</subfield>
    <subfield code="l">18</subfield>
    <subfield code="m">7</subfield>
    <subfield code="o">616.0757 28 GAR</subfield>
    <subfield code="p">4491</subfield>
    <subfield code="r">2026-05-20</subfield>
    <subfield code="s">2026-04-24</subfield>
    <subfield code="t">Ej. 7</subfield>
    <subfield code="w">2019-08-01</subfield>
    <subfield code="y">BK</subfield>
    <subfield code="z">Compra UNComahue julio/19. Sede Tordos.</subfield>
    <subfield code="f"></subfield>
  </datafield>
  <datafield tag="952" ind1=" " ind2=" ">
    <subfield code="0">0</subfield>
    <subfield code="1">0</subfield>
    <subfield code="2">ddc</subfield>
    <subfield code="4">0</subfield>
    <subfield code="7">0</subfield>
    <subfield code="8">NFIC</subfield>
    <subfield code="a">BFM</subfield>
    <subfield code="b">BFM</subfield>
    <subfield code="c">CR</subfield>
    <subfield code="d">2019-08-01</subfield>
    <subfield code="e">UNComahue</subfield>
    <subfield code="g">575.00</subfield>
    <subfield code="l">16</subfield>
    <subfield code="o">616.0757 28 GAR</subfield>
    <subfield code="p">4492</subfield>
    <subfield code="r">2026-05-14</subfield>
    <subfield code="s">2026-05-07</subfield>
    <subfield code="t">Ej. 8</subfield>
    <subfield code="w">2019-08-01</subfield>
    <subfield code="y">BK</subfield>
    <subfield code="z">Compra UNComahue julio/19. Sede Tordos.</subfield>
    <subfield code="f"></subfield>
  </datafield>
</record>
